| 000 | 01072cam a22003015a 4500 | ||
|---|---|---|---|
| 999 |
_c18929 _d18901 |
||
| 001 | 15374153 | ||
| 003 | EG-ScBUE | ||
| 005 | 20210322100730.0 | ||
| 008 | 080721r20152008xxka f b f001 0 eng d | ||
| 020 | _a9780521690140 (pbk.) | ||
| 040 |
_aUKM _beng _erda _cUKM _dYDXCP _dBAKER _dBTCTA _dCDX _dC#P _dBWK _dBWX _dDLC _dEG-ScBUE _dEG-ScBUE |
||
| 082 | 0 | 4 |
_a820.711 _bYOU _222 |
| 100 | 1 |
_aYoung, Tory, _eauthor. _937312 |
|
| 245 | 1 | 0 |
_aStudying English literature : _ba practical guide / _cTory Young. |
| 250 | _aTenth printing. | ||
| 264 | 1 |
_aCambridge, United Kingdom : _bCambridge University Press, _c2015. |
|
| 300 |
_axi, 172 pages : _billustrations ; _c23 cm |
||
| 336 |
_2rdacontent _atext _btxt |
||
| 337 |
_2rdamedia _aunmediated _bn |
||
| 338 |
_2rdacarrier _avolume _bnc |
||
| 504 | _aIncludes bibliographical references and index. | ||
| 650 | 7 |
_aEnglish literature _xStudy and teaching (Higher) _2BUEsh _937313 |
|
| 651 | _2BUEsh | ||
| 653 |
_cJanuary2015 _bHHUUEENN |
||
| 653 |
_bHHUUEENN _cSeptember2016 |
||
| 655 |
_vText book _933728 |
||
| 942 |
_2ddc _k820.711 YOU _cTXT |
||